| 000 | 004750000a22001810004500 | ||
|---|---|---|---|
| 003 | MACL | ||
| 005 | 20150703154413.0 | ||
| 008 | 150703b xxu||||| |||| 00| 0 eng d | ||
| 040 |
_aMACL _cmacl |
||
| 041 | _amacl | ||
| 082 | _a300 | ||
| 100 |
_aSinha, Surajit _9492 |
||
| 245 |
_aFeild Studies on the People of India _bMethods and Perspective |
||
| 260 |
_bIndian Anthropological Society _c1978 _aCalcutta |
||
| 350 | _a90 | ||
| 650 |
_aSociology _919 |
||
| 942 |
_cBK _k300 _2ddc |
||
| 999 |
_c5767 _d5767 |
||